| 000 | 00830nam a22002177a 4500 | ||
|---|---|---|---|
| 005 | 20240102164015.0 | ||
| 010 | _aB-756753-758 | ||
| 020 |
_a9789392594700 _c1225.00 |
||
| 035 | _aB-756753-758 | ||
| 037 | _aSunnvik Books | ||
| 082 | _a020 | ||
| 245 | _aApplication of New Technological Trends in Library Services and Management | ||
| 260 |
_aNew Delhi _bEss Ess Publications _c2023 |
||
| 270 |
_a4831/24, Ansari Road, Darya Ganj _bNew Delhi _e110002 |
||
| 300 |
_a269p. _c22cm(Hb) |
||
| 700 |
_aKunwar Singh _eEditor _960249 |
||
| 700 |
_aJadhav,U.S _eEditor _960250 |
||
| 700 |
_aGhante,P.B _eEditor _960251 |
||
| 942 |
_2ddc _cEN _h020 _mAPP |
||
| 999 |
_c199818 _d199818 |
||